American Fish Adjectives - Statistics

General Stats
  • This quiz has been taken 94 times
    93 since last reset
  • The average score is 28 of 643
Answer Stats
Adjective # % Correct
Red 1
86%
Blue 4
85%
Yellow 3
79%
Green 2
76%
Black 6
67%
White 8
61%
Brown 3
54%
Gray 1
47%
Rainbow 4
42%
Largemouth 1
40%
Striped 5
40%
Silver 5
39%
Spotted 7
38%
River 7
36%
Lake 5
35%
Smallmouth 3
33%
American 2
31%
California 1
29%
Florida 2
29%
Northern 7
29%
Southern 3
28%
Eastern 2
26%
Western 1
26%
Golden 4
25%
Mexican 1
25%
Sea 1
25%
Atlantic 2
24%
Freshwater 1
24%
Texas 3
24%
Alabama 7
22%
Alaska 2
22%
Mississippi 1
22%
Pacific 1
22%
Rock 2
21%
Arkansas 1
18%
Colorado 1
18%
Flat 1
18%
Mountain 6
18%
Ohio 1
18%
Utah 2
18%
Virgin 1
18%
Creek 1
17%
Oregon 1
17%
Rio Grande 4
17%
Arctic 3
15%
Bigmouth 5
15%
Fat 1
15%
Iowa 1
15%
Kentucky 1
15%
Mud 2
15%
Swamp 1
15%
Tennessee 3
15%
Bluefin 2
14%
Carolina 3
14%
Greater 2
14%
Gulf 3
14%
Pond 1
14%
Alligator 1
13%
Bronze 1
13%
Common 1
13%
Copper 1
13%
Redfin 3
13%
Round 1
13%
Speckled 5
13%
Brook 4
11%
Clown 1
11%
Sand 2
11%
Stone 1
11%
Yellowfin 2
11%
Slim 1
10%
Sockeye 1
10%
Bayou 3
8%
Bull 2
8%
Greenfin 2
8%
Leopard 2
8%
Potomac 1
8%
Rocky 1
8%
Appalachia 1
7%
Blackfin 3
7%
Chesapeake 1
7%
Diamond 1
7%
Longnose 5
7%
Orangefin 3
7%
Rough 2
7%
Sacramento 4
7%
Scarlet 1
7%
Shortnose 4
7%
Slimy 1
7%
Sooty 1
7%
Whitefin 1
7%
Beautiful 1
6%
Cedar
6%
Central 2
6%
Channel 3
6%
Cypress 2
6%
Deepwater 2
6%
Delta 1
6%
Desert 3
6%
Marsh 1
6%
Olive 1
6%
Pearl 2
6%
Plains 3
6%
Pretty 1
6%
Redtail 1
6%
Spring 1
6%
Summer 1
6%
Widemouth 1
6%
Bering 1
4%
Bigeye 3
4%
Blacktail 2
4%
Bullhead 1
4%
Cape Fear 1
4%
Cherokee 1
4%
Chinook 1
4%
Coastal 3
4%
Cumberland 1
4%
Emerald 2
4%
Fantail 1
4%
Flathead 2
4%
Gila 3
4%
Inland 1
4%
Longfin 3
4%
Orangetail 1
4%
Plateau 2
4%
Pygmy 4
4%
Redeye 2
4%
Ruddy 1
4%
Shadow 1
4%
Smoky 1
4%
Turquoise 1
4%
Weed 1
4%
Whitetail 1
4%
Blackside 2
3%
Blackstripe 1
3%
Blacktip 2
3%
Bluenose 1
3%
Bluespotted 1
3%
Bluestripe 2
3%
Boulder 1
3%
Broad 1
3%
Buffalo 1
3%
Caddo 1
3%
Cane 1
3%
Chain 1
3%
Cherry 1
3%
Choctaw 1
3%
Choctawhatchee 1
3%
Christmas 1
3%
Chum 1
3%
Clear 1
3%
Coal 1
3%
Coho 1
3%
Coldwater 1
3%
Coosa 3
3%
Crown 1
3%
Darter 1
3%
Devil’s Hole 1
3%
Duck 1
3%
Dusky 2
3%
Freckled 2
3%
Ghost 1
3%
Glassy 1
3%
Greenside 1
3%
Klamath 1
3%
Lined 2
3%
Lowland 1
3%
Mangrove 1
3%
Mottled 1
3%
Nipigon 1
3%
Olympic 1
3%
Orangespotted 1
3%
Ozark 9
3%
Prairie 1
3%
Red River 2
3%
Redspot 2
3%
Redspotted 1
3%
Roanoke 2
3%
Savannah 1
3%
Shiner 1
3%
Shorthead 2
3%
Silverside 1
3%
Skipjack 1
3%
Smalleye 1
3%
Spangled 1
3%
Strawberry 1
3%
Sturgeon 1
3%
Tahoe 1
3%
Tallapoosa 4
3%
Threadfin 1
3%
Toothless 1
3%
Tuxedo 1
3%
Vermilion 1
3%
Alabama Hog 1
1%
Alaskan Brook 1
1%
Alvord 1
1%
Amargosa 1
1%
Amber 1
1%
American Brook 1
1%
Amistad 1
1%
Apalachee 1
1%
Apalachicola 1
1%
Arkansas Saddled 1
1%
Arrow 1
1%
Arroyo 1
1%
Ashy 1
1%
Atlantic Highfin 1
1%
Backwater 1
1%
Banded 5
1%
Banded Pygmy 1
1%
Bandfin 2
1%
Bannerfin 1
1%
Bantam 1
1%
Barcheek 1
1%
Barrens 2
1%
Bartram’s 1
1%
Bear Lake 2
1%
Bedrock 1
1%
Blackbanded 2
1%
Blacknose 1
1%
Blackspot 1
1%
Blackspotted 1
1%
Blackstripe Pirate 1
1%
Bleeding 1
1%
Bloodfin 1
1%
Blotchcheek 1
1%
Blotched 2
1%
Blotchside 1
1%
Blueback 1
1%
Bluebreast 1
1%
Blueface 1
1%
Bluehead 3
1%
Bluemask 1
1%
Blue Ridge 1
1%
Blueside 2
1%
Bluespar 1
1%
Bluntface 1
1%
Bluntnose 2
1%
Bonneville 2
1%
Borax Lake 1
1%
Brassy 2
1%
Bridle 1
1%
Bridled 1
1%
Brighteye 1
1%
Brindled 1
1%
Broadstripe 2
1%
Buck 1
1%
Burrhead 2
1%
Cahaba 2
1%
Candy 1
1%
Caney Fork 1
1%
Cape Fear Broadtail 1
1%
Cardinal 1
1%
Carmine 1
1%
Carolina Fantail 1
1%
Carolina Pygmy 1
1%
Central Longear 1
1%
Central Rock 1
1%
Chainback 1
1%
Chattahoochee 2
1%
Cheat 1
1%
Checkered 2
1%
Cherryfin 1
1%
Chesapeake Fantail 1
1%
Chestnut 1
1%
Chickasaw 1
1%
Chihuahua 3
1%
Chub 1
1%
Chucky 1
1%
Clinch 2
1%
Coastal Cutthroat 1
1%
Coastrange 1
1%
Conchos 2
1%
Corrugated 1
1%
Crescent 1
1%
Crystal 1
1%
Cumberland Plateau 1
1%
Current 1
1%
Devil’s River 1
1%
Dixie 1
1%
Dollar 1
1%
Dolly 1
1%
Duskystripe 1
1%
Duskytail 1
1%
Eastern Creek 1
1%
Eastern Rock 1
1%
Eastern Silvery 1
1%
Egg-mimic 1
1%
Elegant 1
1%
Everglades Pygmy 1
1%
Eyetail 1
1%
Fatlips 1
1%
Flannelmouth 1
1%
Florida Sand 1
1%
Fluvial 1
1%
Fountain 1
1%
Frecklebelly 1
1%
Fringed 1
1%
Gizzard 1
1%
Goldline 1
1%
Goldstripe 1
1%
Greenbreast 1
1%
Greenthroat 1
1%
Grotto 1
1%
Guadalupe 2
1%
Guadalupe Roundnose 1
1%
Gualala
1%
Guardian 1
1%
Gulf Coast Pygmy 1
1%
Halloween 1
1%
Harlequin 1
1%
Hawaiian Freshwater 1
1%
Headwater 3
1%
Hickory 2
1%
Highback 1
1%
Highfin 2
1%
Highland 2
1%
Highscale 1
1%
Holiday 1
1%
Holston 1
1%
Hornyhead 1
1%
Humpback 2
1%
Ihiyo 1
1%
Ironcolor 1
1%
Johnny 1
1%
June 1
1%
Kanawha 2
1%
Karst
1%
Kiamichi 1
1%
Klamath Largescale 1
1%
Klamath Smallscale 1
1%
Largescale 2
1%
Largescaled Spinycheek 1
1%
Largespring 1
1%
Least 5
1%
Least Brook 1
1%
Lipstick 1
1%
Loach 1
1%
Locust Fork 1
1%
Lollypop 1
1%
Longhead 1
1%
Longjaw 1
1%
Longlip 1
1%
Lower Coosa 1
1%
Lowland Pirate 1
1%
Malheur 1
1%
Mamequit 1
1%
Manantial Roundnose 1
1%
Marbled 2
1%
Margined 2
1%
Meramec Saddled 1
1%
Missouri Saddled 1
1%
Moapa 1
1%
Mobile 1
1%
Mobile Sand 1
1%
Modoc 1
1%
Modoc Brook 1
1%
Mountain Brook 1
1%
Mountain Redbelly 1
1%
Muscadine 1
1%
Nakea 1
1%
Naked Sand 1
1%
Naniha 1
1%
Neosho 1
1%
Niangua 1
1%
Nopoli Rockclimbing 1
1%
Northern Plains 1
1%
Northern Redbelly 1
1%
Nueces Roundnose 1
1%
Okaloosa 1
1%
Okefenokee Pygmy 1
1%
Orangebelly 1
1%
Orangethroat 1
1%
Ouachita 3
1%
Owens 1
1%
Ozark Rainbow 1
1%
Pacific Staghorn 1
1%
Paleback 1
1%
Palezone 1
1%
Pallid 2
1%
Pearl River 1
1%
Pecos 2
1%
Pee Dee Broadtail 1
1%
Piebald 1
1%
Piedmont 1
1%
Pinewoods 2
1%
Pit 1
1%
Pit-Klamath Brook 1
1%
Prickly 1
1%
Proserpine 1
1%
Railroad Valley 1
1%
Razorback 1
1%
Redbreast 1
1%
Redear 1
1%
Redface 1
1%
Redlip 1
1%
Redlips 1
1%
Redside 2
1%
Relict 2
1%
Reticulate 1
1%
Ribbon 1
1%
Riffle 2
1%
Roanoke Hog 1
1%
Robust 1
1%
Rocky Mountain Cutthroat 1
1%
Rosyside 1
1%
Roughhead 2
1%
Roundnose 1
1%
Rush 1
1%
Russetfin 1
1%
Rustyside 1
1%
Sabine 1
1%
Saddleback 1
1%
Saddled 1
1%
Sailfin 2
1%
Salish 1
1%
Salt Creek 1
1%
Saltmarsh 1
1%
Sandwich Island 1
1%
San Felipe 1
1%
San Marcos 1
1%
Santa Ana 1
1%
Sawcheek 1
1%
Scalyhead 1
1%
Scaly Sand 1
1%
Seagreen 1
1%
Sharphead 1
1%
Sharpnose 2
1%
Shawnee 1
1%
Sheepshead 1
1%
Sheltowee 1
1%
Shoal 2
1%
Shoshone 1
1%
Sickle 1
1%
Sicklefin 2
1%
Silverband 1
1%
Silverjaw 1
1%
Silverstripe 1
1%
Sipsey 1
1%
Skygazer 1
1%
Slackwater 1
1%
Slashcheek 1
1%
Slender 5
1%
Slough 1
1%
Smallscale 1
1%
Smallscaled Spinycheek 1
1%
Snail 2
1%
Sonora 2
1%
Sonoyta 1
1%
Southeastern Blue 1
1%
Southern Redbelly 1
1%
Spotfin 3
1%
Spottail 3
1%
Spring Pygmy 1
1%
Stargazing 2
1%
Starhead 1
1%
Steelcolor 1
1%
Stippled 2
1%
Streamline 1
1%
Striated 1
1%
Stripeback 1
1%
Sunburst 1
1%
Suwannee 1
1%
Swampland Longear 1
1%
Swannanoa 1
1%
Taillight 1
1%
Tamaulipas 1
1%
Tangerine 1
1%
Teardrop 1
1%
Tessellated 1
1%
Tex-Mex 1
1%
Tombigee 1
1%
Torrent 2
1%
Trispot 1
1%
Tuckasegee 1
1%
Tuscumbia 1
1%
Tuskaloosa 1
1%
Umatilla 1
1%
Umpqua 3
1%
Upper Coosa 1
1%
Waccamaw 3
1%
Waccamaw Broadtail 1
1%
Warioto 1
1%
Warrior 3
1%
Washita 1
1%
Watercress 1
1%
Western Creek 1
1%
Western Pirate 1
1%
Western Silvery 1
1%
Westfalls 1
1%
Westslope Cutthroat 1
1%
West Texas 1
1%
White River 3
1%
White Sands 1
1%
Wildcat 1
1%
Wounded 1
1%
Yazoo 2
1%
Yellowbelly Pirate 1
1%
Yellowcheek 1
1%
Yoke 1
1%
Yoknapatawpha 1
1%
Altamaha 1
0%
American Freshwater 1
0%
Arkansas Greenside 1
0%
Arkansas River 1
0%
Arkansas River Speckled 1
0%
Ash Meadows 1
0%
Big Bend 1
0%
Blackchin 2
0%
Blackmouth 1
0%
Blackside Snubnose 1
0%
Blenny 1
0%
Bluebarred Pygmy 1
0%
Bluegrass 1
0%
Bluestone 1
0%
Bridgelip 1
0%
Calfkiller 1
0%
Central Greenside 1
0%
Citico 1
0%
Clear Creek 1
0%
Collins 1
0%
Comanche Springs 1
0%
Comely 1
0%
Conasauga 1
0%
Coppercheek 1
0%
Creole 1
0%
Cumberland Snubnose 1
0%
Current Saddled 1
0%
Cutlip 1
0%
Driftless 1
0%
Eastern Blacknose 1
0%
Eastern Ozark 1
0%
Eastern Sand 1
0%
Eastrim 1
0%
Etowah 2
0%
Etowah Bridled 1
0%
Fathead 1
0%
Fieryblack 1
0%
Finescale 1
0%
Firebelly 1
0%
Flagfin 1
0%
Flame 1
0%
Fourspine 1
0%
Gravel 1
0%
Greenhead 1
0%
Gumbo 1
0%
Highland Rim 1
0%
Highlands Greenside 1
0%
Ives Lake 1
0%
Kanawha Rosyface 1
0%
Kern Brook 1
0%
Klamath Lake 1
0%
Knobfin 1
0%
Lahontan 1
0%
Lahontan Cutthroat 1
0%
Laurel 1
0%
Leon Springs 1
0%
Little Colorado 2
0%
Longhunt 1
0%
Lost River 1
0%
Metallic 1
0%
Miller Lake 1
0%
Mimic 1
0%
Mirror 1
0%
Mississippi Silvery 1
0%
New River 1
0%
Ninespine 1
0%
Nooksack 1
0%
Northern Brook 1
0%
Northern Hog 1
0%
Northern Leatherside 1
0%
Notchlip 1
0%
Ocmulgee 1
0%
Opossum 1
0%
Owens River 1
0%
Pahrump 1
0%
Paiute 1
0%
Pealip 1
0%
Peppered 1
0%
Plains Longear 1
0%
Popeye 1
0%
Pugnose 2
0%
Rainwater 1
0%
Redband 1
0%
Redline 1
0%
Rio Grande Silvery 1
0%
Riverweed 1
0%
Rosyface 2
0%
Roundtail 1
0%
Saffron 2
0%
Saluda 1
0%
Sandbar 1
0%
Sandhills 1
0%
Santee 1
0%
Satinfin 1
0%
Sawfin 1
0%
Seminole 1
0%
Sequatchie Blenny 1
0%
Sharpfin 1
0%
Shield 1
0%
Shortjaw 1
0%
Shovelnose 1
0%
Slabrock 1
0%
Slenderhead 1
0%
Snake River 1
0%
Snubnose 1
0%
Southern Brook 1
0%
Southern Leatherside 1
0%
Southern Sand 1
0%
Splendid 1
0%
Spoonhead 1
0%
Stripetail 1
0%
Suckermouth 1
0%
Swallowtail 1
0%
Tadpole 1
0%
Telescope 1
0%
Thicklip 1
0%
Thicktail 1
0%
Thinlip 1
0%
Threespine 1
0%
Tippecanoe 1
0%
Tonguetied 1
0%
Topeka 1
0%
Tricolor 1
0%
Tui 1
0%
Tule 1
0%
Utah lake 1
0%
Variegate 1
0%
Virgin river 1
0%
Volunteer 1
0%
Wall Canyon 1
0%
Warner 1
0%
Warpaint 1
0%
Wedgespot 1
0%
Western Blacknose 1
0%
Western Brook 1
0%
Western Gilt 1
0%
Western Sand 1
0%
Westrim 1
0%
Whitemouth 1
0%
Wood river 1
0%
Yaqui 3
0%
No matching quizzes found
Score Distribution
Percent of People with Each Score
Percentile by Number Answered
Your Score History
You have not taken this quiz since the last reset